000
00297nam a22001337a 4500
008
181008b xxu||||| |||| 00| 0 eng d
020
_a
9781428230279
041
_a
eng
080
_a
371
100
_a
25
101
_a
EDU
245
_a
The Herbrace Guide to Writing
_c
Glenn,Ch
942
_2
udc
_c
BK
999
_c
48991
_d
48991